| 000 | 00635nam a2200229 a 4500 | ||
|---|---|---|---|
| 005 | 20210219153253.0 | ||
| 035 | _aUPN01000087729 | ||
| 100 | _aFRENK, Julio | ||
| 222 | _aFORO UNIVERSITARIO | ||
| 245 | _aEl mercado de trabajo médico : evolución histórica en México | ||
| 300 | _a27-34 | ||
| 362 | _a1981 2a Época, no. 2, ene. | ||
| 653 | 0 | _aINSTALACIONES MEDICO-SANITARIAS | |
| 653 | 0 | _aMÉXICO | |
| 653 | 0 | _aMEDICOS | |
| 653 | 0 | _aMERCADO LABORAL | |
| 653 | 0 | _aSERVICIO MEDICO | |
| 700 | _aHERNÁNDEZ LLAMAS, Hector, coaut. | ||
| 700 | _aALVAREZ KLEIN, Lourdes, coaut. | ||
| 904 |
_aAC _b025540 |
||
| 905 | _aArticulo | ||
| 999 |
_c72676 _d72676 |
||